| 000 | 01162nam a2200217Ia 4500 | ||
|---|---|---|---|
| 003 | OSt | ||
| 005 | 20241011135911.0 | ||
| 007 | ca aa aaaaa | ||
| 008 | 201103s9999 xx 000 0 und d | ||
| 040 | _cSSBUL | ||
| 041 | _abur | ||
| 082 |
_223 _a၂၉၄.၃၄၃၅၀၉ ရွှေ _b၉၀၉၂(၁) S-SAT |
||
| 100 | 0 |
_aရွှေယုံ၊ စဝ်၊ ဦး _917285 |
|
| 245 | 1 | 0 |
_aကောင်းမူးလုန် ရွှေဆတ်မင်းစေတီတော်သမိုင်း (ခမ်းတီလုန်ပူတာအို) / _cဦးစဝ်ရွှေယုံ နှင့် ဦးစဝ်နွယ်ဆားတော်။ |
| 260 |
_aရန်ကုန် ၊ _bအသိုင်းအဝိုင်းစာပေ၊ _c၁၉၉၈။ |
||
| 300 |
_a၁၄၆ စာမျက်နှာ ၊ _bဓါတ်ပုံများ ၊ _c၁၇ စင်တီ။ |
||
| 500 | _aS-SAT: Dr. Sai Aung Tun | ||
| 650 |
_aရွှေဆတ်မင်းစေတီတေ် _vသမိုင်း _955045 |
||
| 700 |
_aနွယ်ဆားတော်၊ စဝ်၊ ဦး။ _955046 |
||
| 942 |
_2ddc _cBK1 |
||
| 999 |
_c16652 _d16652 |
||